Speech and audio signal processing: Processing and perception of speech and music

Zapisane w:
Opis bibliograficzny
1. autor: Ben Gold
Format: Książka
Język:Undetermined
Wydane: New York John Wiley and Sons 2000
Hasła przedmiotowe:
Etykiety: Dodaj etykietę
Nie ma etykietki, Dołącz pierwszą etykiete!
Thư viện lưu trữ: Trung tâm Học liệu Trường Đại học Cần Thơ
LEADER 00591nam a2200181Ia 4500
001 CTU_56359
008 210402s9999 xx 000 0 und d
082 |a 621.382'2 
082 |b G618 
100 |a Ben Gold 
245 0 |a Speech and audio signal processing: Processing and perception of speech and music 
245 0 |c Ben Gold and Nelson Morgan 
260 |a New York 
260 |b John Wiley and Sons 
260 |c 2000 
650 |a speech processing systems,signal processing,electronic music 
650 |x digital techniques 
980 |a Trung tâm Học liệu Trường Đại học Cần Thơ